Aportaciones al estudio de la prehistoria de Menorca / (Record no. 46176)

MARC details
000 -LEADER
campo de control de longitud fija 00537nam a2200181 i 4500
001 - NÚMERO DE CONTROL
campo de control 46176
003 - IDENTIFICADOR DE NÚMERO DE CONTROL
campo de control ES-MaACL
005 - FECHA Y HORA DE LA ÚLTIMA TRANSACCIÓN
campo de control 20230906161335.0
007 - CAMPO FIJO DE DESCRIPCIÓN FÍSICA--INFORMACIÓN GENERAL
campo de control de longitud fija t|
008 - DATOS DE LONGITUD FIJA--INFORMACIÓN GENERAL
campo de control de longitud fija 030328s1936 sp af |||| | spa d
080 ## - NÚMERO DE LA CLASIFICACIÓN DECIMAL UNIVERSAL
Número de la Clasificación Decimal Universal 903(467.52)
100 1# - ENTRADA PRINCIPAL--NOMBRE DE PERSONA
Nombre de persona Comas, Juan (
Fechas asociadas al nombre 1900-1979)
9 (RLIN) 39937
245 10 - MENCIÓN DEL TÍTULO
Título Aportaciones al estudio de la prehistoria de Menorca /
Mención de responsabilidad, etc. Juan Comas.
260 ## - PUBLICACIÓN, DISTRIBUCIÓN, ETC.
Lugar de publicación, distribución, etc. Madrid :
Nombre del editor, distribuidor, etc. [s.n.,
Fecha de publicación, distribución, etc. 1936] (
Fabricante Tip. Nacional)
300 ## - DESCRIPCIÓN FÍSICA
Extensión 46 p., XII lám. ;
Dimensiones 24 cm.
651 #4 - PUNTO DE ACCESO ADICIONAL DE MATERIA--NOMBRE GEOGRÁFICO
Nombre geográfico Menorca-
Subdivisión general Historia.
9 (RLIN) 137257
852 ## - LOCALIZACIÓN
Ubicación ES-MaACL
Número de control de estantería 1817-F-10
Holdings
Estatus retirado Estado de pérdida Estado de daño No para préstamo Colección Biblioteca de origen Biblioteca actual Ubicación en estantería Fecha de adquisición Fuente de adquisición Total de préstamos Signatura topográfica completa Código de barras Visto por última vez Precio de reemplazo Tipo de ítem Koha
        Colección de folletos Biblioteca del Ateneo de Madrid Biblioteca del Ateneo de Madrid Depósito folletos 17/01/2008     1817-F-10 1048572 23/02/2023 23/02/2023 Folleto